[Event "Voronezh op-B 23rd"]
[Site "Voronezh"]
[Date "2019.06.16"]
[Round "5"]
[White "Stepanischev, Gregory"]
[Black "Geranichev, Mikhail"]
[Result "0-1"]
[WhiteElo "1765"]
[BlackElo "2060"]
[PlyCount "90"]
[EventDate "2019.06.12"]
[EventType "swiss"]
[EventRounds "9"]
[EventCountry "RUS"]
[SourceTitle "EXT 2020"]
[Source "ChessBase"]
[SourceDate "2019.10.17"]
[SourceVersion "1"]
[SourceVersionDate "2019.10.17"]
[SourceQuality "1"]

1. d4 Nf6 2. Nf3 g6 3. c4 Bg7 4. Nc3 d5 5. Bg5 c6 6. e3 0-0 7. Bd3 a6 8. Qc2 Nbd7 9. cxd5 Nxd5 10. Nxd5 cxd5 11. Qb3 Qa5+ 12. Qc3 Qxc3+ 13. bxc3 e5 14. Nd2 Re8 15. 0-0 b6 16. Rfb1 Bb7 17. Nb3 Bc6 18. c4 dxc4 19. Bxc4 b5 20. Bf1 Bd5 21. Rd1 e4 22. Rdc1 Rac8 23. Rxc8 Rxc8 24. Rc1 Rxc1 25. Nxc1 Bf8 26. Be2 Nb6 27. Bd8 Nc4 28. Bd1 a5 29. Bc2 a4 30. Ne2 Na3 31. Nc3 Bxa2 32. Bxe4 Bb3 33. Bc6 Bb4 34. Ne4 Nb1 35. d5 Nc3 36. Nxc3 Bxc3 37. Be7 Bc4 38. d6 Bb4 39. e4 a3 40. Bf6 Bxd6 41. Ba1 b4 42. Ba4 b3 43. Bxb3 Bxb3 44. e5 Bb4 45. Kf1 Bc4+ 0-1

[Event "Voronezh op-B 23rd"]
[Site "Voronezh"]
[Date "2019.06.12"]
[Round "1"]
[White "Savoskin, Vladimir"]
[Black "Geranichev, Mikhail"]
[Result "1-0"]
[WhiteElo "1681"]
[BlackElo "2060"]
[PlyCount "143"]
[EventDate "2019.06.12"]
[EventType "swiss"]
[EventRounds "9"]
[EventCountry "RUS"]
[SourceTitle "EXT 2020"]
[Source "ChessBase"]
[SourceDate "2019.10.17"]
[SourceVersion "1"]
[SourceVersionDate "2019.10.17"]
[SourceQuality "1"]

1. e4 e6 2. Qe2 g6 3. f4 Bg7 4. Nf3 Ne7 5. g3 c5 6. Bg2 Nbc6 7. 0-0 Nd4 8. Nxd4 Bxd4+ 9. Kh1 Bg7 10. f5 Nc6 11. c3 0-0 12. fxg6 hxg6 13. d3 d5 14. exd5 exd5 15. Bd2 Ne5 16. Na3 Bg4 17. Qe3 d4 18. cxd4 cxd4 19. Qe4 Bf5 20. Rxf5 gxf5 21. Qxf5 Qd7 22. Qf1 Ng4 23. Nc4 Rfe8 24. Be4 Nf6 25. Bg2 Nd5 26. Be4 b5 27. Bf5 Qc6 28. Na5 Qc2 29. Be4 Qxd2 30. Bxd5 Rf8 31. Bxa8 Rxa8 32. Qf3 Rf8 33. Nc6 Qe3 34. Qf5 a6 35. Rf1 Qe8 36. Nb4 Qe7 37. Nd5 Qd6 38. Kg1 Qe5 39. Qxe5 Bxe5 40. Rf5 f6 41. Kg2 Kf7 42. Rf2 Ke6 43. Nb4 Bd6 44. Nc2 Be5 45. Nb4 Bd6 46. Nc2 Bc5 47. h4 a5 48. Re2+ Kd5 49. g4 Rg8 50. Kf3 Bd6 51. a3 f5 52. Rg2 fxg4+ 53. Rxg4 Rf8+ 54. Ke2 Bf4 55. Ne1 Bc1 56. b4 Bxa3 57. bxa5 Bb4 58. Nc2 Bc3 59. Rg5+ Kc6 60. h5 b4 61. h6 b3 62. Na3 Ra8 63. Rg6+ Kc5 64. a6 Ra7 65. Kf3 Bd2 66. Rg7 Rxa6 67. h7 Rh6 68. Nb1 Bc3 69. Kg4 b2 70. Rg5+ Kb4 71. Rh5 Rxh7 72. Rxh7 1-0

[Event "Tambov Pavlyutin Memorial 8th"]
[Site "Tambov"]
[Date "2018.05.24"]
[Round "3"]
[White "Geranichev, Mikhail"]
[Black "Kutyanina, Mariya"]
[Result "1/2-1/2"]
[WhiteElo "1996"]
[BlackElo "2003"]
[PlyCount "72"]
[EventDate "2018.05.23"]
[EventType "tourn"]
[EventRounds "9"]
[EventCountry "RUS"]
[SourceTitle "CBM 184 Extra"]
[Source "ChessBase"]
[SourceDate "2018.06.28"]
[SourceVersion "1"]
[SourceVersionDate "2018.06.28"]
[SourceQuality "1"]

1. Nf3 Nf6 2. g3 d5 3. Bg2 g6 4. 0-0 Bg7 5. d3 0-0 6. Nbd2 c5 7. c3 Nc6 8. Qc2 e6 9. Re1 a5 10. e4 b6 11. a3 Ba6 12. e5 Nd7 13. d4 cxd4 14. cxd4 Rc8 15. Qd1 f6 16. exf6 Qxf6 17. Nf1 Nxd4 18. Qxd4 Qxd4 19. Nxd4 Bxd4 20. Be3 Bxb2 21. Bh3 Rfe8 22. Rab1 Bc3 23. Red1 Be2 24. Rxd5 exd5 25. Bxd7 d4 26. Bf4 Bd3 27. Rxb6 Bxf1 28. Kxf1 Re1+ 29. Kg2 Rd8 30. Bg4 d3 31. Bg5 Rde8 32. Rd6 d2 33. Bxd2 Bxd2 34. Rxd2 Ra1 35. Bd7 Re5 36. a4 Rc1 1/2-1/2

[Event "Voronezh op-B 21st"]
[Site "Voronezh"]
[Date "2017.06.19"]
[Round "8"]
[White "Mezhov, Dmitriy"]
[Black "Geranichev, Mikhail"]
[Result "1-0"]
[WhiteElo "1809"]
[BlackElo "2076"]
[PlyCount "117"]
[EventDate "2017.06.12"]
[EventType "swiss"]
[EventRounds "9"]
[EventCountry "RUS"]
[SourceTitle "CBM 179 Extra"]
[Source "ChessBase"]
[SourceDate "2017.08.23"]
[SourceVersion "1"]
[SourceVersionDate "2017.08.23"]
[SourceQuality "1"]

1. d4 Nf6 2. c4 g6 3. Nc3 d5 4. Bg5 c6 5. Bxf6 exf6 6. cxd5 cxd5 7. Qb3 Nc6 8. e3 Bb4 9. Nge2 0-0 10. a3 Bxc3+ 11. Nxc3 Ne7 12. Be2 Be6 13. 0-0 Rb8 14. Bf3 b5 15. Rfc1 a6 16. Na2 Qb6 17. Nb4 Qb7 18. Rc5 Rfd8 19. Rac1 Rbc8 20. h3 Kg7 21. R1c3 Rxc5 22. Rxc5 Rc8 23. Qc3 Rxc5 24. Qxc5 a5 25. Nd3 g5 26. Qd6 Nf5 27. Qd8 Nh4 28. Be2 Qd7 29. Qxd7 Bxd7 30. Nc5 Bc6 31. Bd3 f5 32. Na6 Kf6 33. Nc7 b4 34. axb4 axb4 35. Na6 b3 36. Nc5 h5 37. Nxb3 Ke7 38. Nc5 Kd6 39. Kf1 f4 40. b4 Kc7 41. b5 Be8 42. Na4 Kb7 43. Nc3 f3 44. g3 Ng2 45. Nxd5 Bd7 46. Kg1 Bxh3 47. Be4 f5 48. Nf4+ fxe4 49. Nxh3 h4 50. g4 Kb6 51. Nxg5 Kxb5 52. Nxe4 h3 53. Kh2 Kc4 54. Nd2+ Kd3 55. Nxf3 Ke2 56. Kg3 Kf1 57. g5 h2 58. Nxh2+ Kg1 59. g6 1-0

[Event "Tambov Korensky Memorial 25th"]
[Site "Tambov"]
[Date "2016.08.23"]
[Round "4"]
[White "Geranichev, Mikhail"]
[Black "Pishchalnikov, Roman A"]
[Result "1-0"]
[WhiteElo "2051"]
[BlackElo "1603"]
[PlyCount "103"]
[EventDate "2016.08.20"]
[EventType "swiss"]
[EventRounds "9"]
[EventCountry "RUS"]
[SourceTitle "CBM 174 Extra"]
[Source "ChessBase"]
[SourceDate "2016.10.10"]
[SourceVersion "1"]
[SourceVersionDate "2016.10.10"]
[SourceQuality "1"]

1. e4 c5 2. Nf3 Nc6 3. d4 cxd4 4. Nxd4 e5 5. Nb5 a6 6. Nd6+ Bxd6 7. Qxd6 Qf6 8. Qxf6 Nxf6 9. Bd3 Nb4 10. Bd2 Nxd3+ 11. cxd3 0-0 12. Bg5 d6 13. Nc3 Be6 14. 0-0 b5 15. f4 exf4 16. Bxf6 gxf6 17. Rxf4 b4 18. Ne2 Kg7 19. Nd4 Rac8 20. Raf1 Bxa2 21. Rxf6 Be6 22. Rxe6 fxe6 23. Nxe6+ Kg8 24. Nxf8 Rxf8 25. Ra1 Ra8 26. Ra5 Kf7 27. Kf2 Ke6 28. Ke3 Rc8 29. Rxa6 Rc2 30. d4 Rxg2 31. e5 Rxh2 32. Rxd6+ Kf5 33. Rf6+ Kg5 34. Rf8 Rxb2 35. e6 Rb1 36. Ke2 Rb2+ 37. Kd1 Rb1+ 38. Kc2 Re1 39. d5 h5 40. d6 Rxe6 41. d7 Rd6 42. d8Q+ Rxd8 43. Rxd8 Kg4 44. Kd2 Kg3 45. Ke2 h4 46. Kf1 Kh2 47. Rd2+ Kh1 48. Kf2 Kh2 49. Kf3+ Kh3 50. Rd1 Kh2 51. Kg4 h3 52. Rd2+ 1-0

[Event "Tambov Korensky Memorial 25th"]
[Site "Tambov"]
[Date "2016.08.22"]
[Round "3"]
[White "Balashov, Yuri S"]
[Black "Geranichev, Mikhail"]
[Result "1-0"]
[WhiteElo "2416"]
[BlackElo "2051"]
[PlyCount "107"]
[EventDate "2016.08.20"]
[EventType "swiss"]
[EventRounds "9"]
[EventCountry "RUS"]
[SourceTitle "CBM 174 Extra"]
[Source "ChessBase"]
[SourceDate "2016.10.10"]
[SourceVersion "1"]
[SourceVersionDate "2016.10.10"]
[SourceQuality "1"]

1. c4 Nf6 2. Nc3 d5 3. cxd5 Nxd5 4. g3 g6 5. Bg2 Nxc3 6. bxc3 Bg7 7. Rb1 c6 8. Nf3 0-0 9. 0-0 Nd7 10. d4 Nb6 11. e4 Be6 12. Qc2 Bc4 13. Rd1 Bb5 14. Re1 Rc8 15. Bf4 Nc4 16. Qb3 Qa5 17. a4 Ba6 18. Bf1 Nb6 19. Bxa6 Qxa6 20. Be5 e6 21. Bd6 Rfd8 22. e5 Rd7 23. Ng5 Qxa4 24. Ne4 Qxb3 25. Rxb3 Na4 26. c4 h6 27. Reb1 b6 28. Rb4 b5 29. cxb5 cxb5 30. Rxb5 Nb6 31. Rc5 Ra8 32. Rc6 Nd5 33. Ra6 Bf8 34. Nc5 Rdd8 35. Bxf8 Kxf8 36. Rb7 Nb6 37. Ne4 Nc4 38. Nd6 Nxd6 39. exd6 Kg7 40. Rc7 Kf6 41. Kg2 h5 42. h4 Rdb8 43. d7 Rd8 44. d5 Rab8 45. Rcc6 Rxd7 46. dxe6 fxe6 47. Rxe6+ Kf7 48. Rf6+ Ke8 49. Rxg6 Rb5 50. Rg8+ Kf7 51. Rg5 Rdd5 52. Rxa7+ Kf6 53. Ra6+ Kf7 54. Rag6 1-0

[Event "Voronezh op-B 20th"]
[Site "Voronezh"]
[Date "2016.06.16"]
[Round "5"]
[White "Geranichev, Mikhail"]
[Black "Maratkanov, Evgeny"]
[Result "1/2-1/2"]
[WhiteElo "2039"]
[BlackElo "2172"]
[PlyCount "89"]
[EventDate "2016.06.12"]
[EventType "swiss"]
[EventRounds "9"]
[EventCountry "RUS"]
[SourceTitle "EXT 2017"]
[Source "ChessBase"]
[SourceDate "2016.10.25"]
[SourceVersion "1"]
[SourceVersionDate "2016.10.25"]
[SourceQuality "1"]

1. e4 e6 2. d4 d5 3. Nd2 dxe4 4. Nxe4 Bd7 5. Nf3 Bc6 6. Bd3 Nd7 7. 0-0 Ngf6 8. Qe2 Be7 9. c3 Nxe4 10. Bxe4 Bxe4 11. Qxe4 c6 12. Qg4 0-0 13. Bh6 Bf6 14. Bg5 Bxg5 15. Nxg5 Nf6 16. Qf3 Qd5 17. Qxd5 Nxd5 18. Ne4 Rfd8 19. g3 g6 20. Rfe1 Kg7 21. Kg2 b5 22. a3 a5 23. Rac1 Nb6 24. Nc5 Nc4 25. Re2 Rd5 26. f4 h5 27. Nd3 Rb8 28. Ne5 Rb6 29. Rcc2 Nxe5 30. Rxe5 Rb7 31. Kf3 Rbd7 32. Rce2 Kf6 33. Rxd5 Rxd5 34. Re5 Ke7 35. Rxd5 exd5 36. h3 Ke6 37. g4 a4 38. Ke3 hxg4 39. hxg4 f6 40. Kd3 Kd6 41. Kc2 c5 42. Kd3 g5 43. Ke3 Kc6 44. fxg5 fxg5 45. Kd3 1/2-1/2

[Event "Tambov Region-ch"]
[Site "Tambov"]
[Date "2015.10.31"]
[Round "8"]
[White "Ryzhkov, Evgeny"]
[Black "Geranichev, Mikhail"]
[Result "0-1"]
[WhiteElo "1914"]
[BlackElo "2005"]
[PlyCount "32"]
[EventDate "2015.10.28"]
[EventType "tourn"]
[EventRounds "9"]
[EventCountry "RUS"]
[SourceTitle "CBM 169 Extra"]
[Source "ChessBase"]
[SourceDate "2015.12.18"]
[SourceVersion "1"]
[SourceVersionDate "2015.12.18"]
[SourceQuality "1"]

1. d4 Nf6 2. Nf3 g6 3. c4 Bg7 4. Nc3 d5 5. e3 0-0 6. Bd3 c5 7. 0-0 Nc6 8. b3 cxd4 9. exd4 Bg4 10. Be3 e5 11. Be2 Bxf3 12. Bxf3 exd4 13. Bxd4 Nxd4 14. Qxd4 Ne4 15. Qd3 Nxc3 16. cxd5 Qd6 0-1